000 01506nam a2200241Ia 4500
003 Ost
005 20260416102356.0
008 260416s9999||||xx |||||||||||||| ||und||
040 _cfsecg
041 _aara
082 _a658.57
100 _aطويطو، محمد
_eمؤلف
245 0 _a رياضيات المؤسسة: مطبوعة موجهة لطلبة السنة الثانية ليسانس جميع الشعب و كذا طلبة الماستر /
_c محمد طويطو
260 _aالجزائر
_bجامعة الجزائر3: كلية العلوم الإقتصادية، العلوم التجارية وعلوم التسيير
_c2018
300 _a177 ورقة
_bايضاحات
_c30 سم
504 _aمراجع ص.176
520 _aمدخل الى بحوث العمليات و مراحل التحليل الكمي ، البرمجة الخطية و طريقة الحل البياني ، البرمجة الخطية و طريقة السمبليكس simplex ، النموذج المقابل أو النموذج الثنائي dualité ، تحلل الحساسية ( تحليل ما بعد الامثلية) ، مشكل النقل و اخيرا نمادج التخصيص أو التعيين
653 _aالبرمجة الخطية
653 _aالرياضيات
653 _aبحوث العمليات
710 _aجامعة الجزائر3: كلية العلوم الإقتصادية، العلوم التجارية وعلوم التسيير
_eناشر علمي
942 _cHANDOUT
999 _c41208
_d41208